00571cam a22002291 4500001001300000003000400013005001700017008004100034010001700075035002000092040001800112042001200130050001600142100003400158245001800192260001000210300002300220500001600243504002800259650003700287999001700324sa 68010877 DLC20260227112556.0890630s1967 ii b 000 0 kano  asa 68010877  a(OCoLC)19954177 aDLCcWaUdDLC apremarc00aPN6401b.R31 aRamanujan, A. K.,d1929-1993.10aGādegaḷu. c1967. axii, 92 p.c17 cm. aIn Kannada. aBibliography: p. 91-92. 0aProverbsxHistory and criticism. c83603d83603